Every McDonalds Burger - Statistics

General Stats
  • This quiz has been taken 48 times
  • The average score is 4 of 9
Answer Stats
Burgers % Correct
Big Mac
95%
Cheeseburger
88%
Hamburger
78%
Quarter Pounder
68%
Double Cheeseburger
54%
McDouble
29%
Double Quarter Pounder
27%
Quarter Pounder Deluxe
2%
Quarter Pounder with bacon
2%
No matching quizzes found
Score Distribution
Percent of People with Each Score
Percentile by Number Answered
Your Score History
You have not taken this quiz